00482nam a2200157 a 450000100100000000500170001000800410002702000150006804000250008308200150010824500660012326000440018930000270023371000390026071000250029900003649220200930075748.0120118s1991 sp ac 000 0 spa d a8477821682 aDO-SdBNPbspacBNPHU axxxxbC96200aCuba ilustrada :bLa Real Comisión de Guantanamo 1796-1802. aBarcelona :bLunwerg Editores,c[1991]. a2 v. :bils. ;c28 cm.2 aSociedad Estatal Quinto Centenario2 aReal Jardin Botanico